L'équipement du combattant médiéval et Renaissance - Statistiques

Statistiques générales
  • Ce quiz a été pris 8 fois
  • Le résultat moyen est 9 sur 54
Statistiques - réponses
Par images Hint Réponse % Correct
Ecu Bouclier
86%
Protection de la main Gant
86%
Casque Heaume
71%
Protection de l'épaule Epaulière
57%
Au-dessus du gant Gantelet
57%
Armure légère de brigand Brigandine
43%
Protection de la jambe Jambière
43%
Protection du nez Nasal
43%
Grand bouclier à ficher Pavois
43%
Casque à deux pointes Bassinet
29%
Protection du cerveau Cervelière
29%
Protection de la gorge Gorgerin
29%
Armure complète Harnois
29%
Casque XVIe Morion
29%
Bouclier moyen rond Rondache
29%
Casque XVe Salade
29%
Petit bouclier Targe
29%
Protège du soleil Visière
29%
Cotte de maille courte Broigne
14%
Protection de la tête et des épaules Camail
14%
Chapeau de fer Chapel de fer
14%
Mailles relies Cotte de maille
14%
Protection de l'épaule Spalières
14%
Portée sur les vêtements Tunique
14%
Facilite le regard Visière
14%
Plaque carrée de protection Aillette
0%
Casque pointu XVe Armet
0%
Heaume ouvert Barbute
0%
Armure du cheval Barde
0%
Casque intégral Bicoque
0%
Casque bourguignon Bourguignotte
0%
Casque espagnol Renaissance Cabasset
0%
Housse du cheval Carapaçon
0%
Cotte de maille archaïque Cataphracte
0%
Protection du cheval Chanfrein
0%
Ornement Cimier
0%
Protection du cou Colletin
0%
Sorte de cuirasse Corselet
0%
Protection du coude Cubitière
0%
Protection du bas de la cuisse Cuissard
0%
Protection du haut de la cuisse Cuissot
0%
Protection du dos Dossière
0%
Crochet porte lance Faucre
0%
En deux partie Halecret
0%
Cotte de maille longue Haubergeon
0%
Cotte de maille partielle Haubert
0%
Vêtement matelassé Jaque
0%
Armure légère Jaseron
0%
Ensemble de la visière Mézail
0%
Gants sans doigts Miton
0%
Protection des pieds Poulaines
0%
Protection des pieds Solerets
0%
Protection de l'avant de la cuisse Tassette
0%
Casque perforé Timbre
0%
Aucun quiz correspondant
Distribution des résultats
% des personnes avec chaque résultat
Percentile par nombre de réponses
Votre historique - résultats
Vous n’avez pas pris ce quiz